00785nam a2200241 a 450000100060000000300080000600500170001400800410003103500190007203500190009104000300011004100080014008200250014810000440017324501240021726000390034130000210038065000310040165000400043265000210047270000240049370000260051761714BD-RjUL20211209081008.0170121s1956 nyu 000 0 eng d a(BD-RjUL)61838 a(OCoLC)3136053 aDLCcRUndOCoLCdDLCbeng aeng a651.75223bJAB 19561 aJanis, J. Haroldq(Jack Harold),d1910-10aBusiness English and handbook of grammar and usage /c[by] J. Harold Janis, Edward J. Kilduff [and] Howard R. Dressner. aNew York :bBarnes & Noble,cc1956 a330 p. ;c21 cm. 0aCommercial correspondence. 0aEnglish languagexBusiness English. 0aBusiness writing aKilduff, Edward J.  aDressner., Howard R.